000 00445nam a22001577a 4500
003 OSt
008 250830b |||||||| |||| 00| 0 eng d
041 _aeng
082 _a894.812301
_bSIV/IN
100 _aSivadas, S.
_97797
245 _aIndian balakathakal /
_bഇന്ത്യന്‍ ബാലകഥകള്‍
260 _aThiruvananthapuram :
_bChintha Publishers,
_c2024.
300 _a144 p.
650 _aStories
_96292
942 _cBK
999 _c19486
_d19486